Universality in chaos
Αποθηκεύτηκε σε:
| Κύριος συγγραφέας: | |
|---|---|
| Μορφή: | Βιβλίο |
| Γλώσσα: | English |
| Δημοσίευση: |
Bristol :
Institute of Physics,
c1996
|
| Έκδοση: | 2nd ed. |
| Θέματα: | |
| Ετικέτες: |
Προσθήκη ετικέτας
Δεν υπάρχουν, Καταχωρήστε ετικέτα πρώτοι!
|
MARC
| LEADER | 00000nam a2200000 i 4500 | ||
|---|---|---|---|
| 001 | 1/15435 | ||
| 008 | 980604s1996 eng d | ||
| 020 | |a 0-85274-260-6 | ||
| 035 | |l 10019828 | ||
| 040 | |a GR-MY-UA |b gre |e aacr | ||
| 041 | 0 | |a eng | |
| 082 | 0 | |a 530.1 | |
| 100 | 1 | |a Cvitanovic, Predrag. | |
| 245 | 1 | 0 | |a Universality in chaos / |c A reprint selection compiled and introduced by Predrag Cvitanovic |
| 250 | |a 2nd ed. | ||
| 260 | |a Bristol : |b Institute of Physics, |c c1996 | ||
| 300 | |a 632 σ.; |b εικ.; |c 25 εκ. | ||
| 650 | 0 | 0 | |a Chaotic behavior in systems. |
| 650 | 0 | 0 | |a Statistical mechanics. |
| 852 | |a INST |b LESVOS |e 19980604 |h 530.1 CVI |p 005100014507 |q 005100014507 |t BK |y 0 | ||
| 901 | |a BIBL-1998-2 | ||
| 909 | |a Λ |b 057220 | ||
| 922 | |a 1ΕΛΗ |b 199805 |c ΚΠΣ/ΤΠ |d ΠΑΠΑΣΩΤΗΡΙΟΥ | ||
| 950 | |a 107-1998-04-08 | ||